भारतीय सिक्के : (Record no. 111717)

MARC details
000 -LEADER
fixed length control field 01097nam a22002537a 4500
005 - DATE AND TIME OF LATEST TRANSACTION
control field 20170124102928.0
010 ## - LIBRARY OF CONGRESS CONTROL NUMBER
LC control number B-145193
020 ## - INTERNATIONAL STANDARD BOOK NUMBER
Terms of availability 260.00
International Standard Book Number 8186786147
035 ## - SYSTEM CONTROL NUMBER
System control number B-145193
037 ## - SOURCE OF ACQUISITION
Source of stock number/acquisition Cen Lib/Ret
040 ## - CATALOGING SOURCE
Original cataloging agency DPL
Language of cataloging HN
082 ## - DEWEY DECIMAL CLASSIFICATION NUMBER
Classification number 737.4954
Item number झाअमि
100 ## - MAIN ENTRY--PERSONAL NAME
Personal name झा, अमितेशवर
9 (RLIN) 47813
245 ## - TITLE STATEMENT
Title भारतीय सिक्के :
Statement of responsibility, etc अमितेश्वर झा
Remainder of title एक ऐतिहासिक परिचय /
246 ## - VARYING FORM OF TITLE
Title proper/short title Bhartiya sikke : ek aitihasik parichay /
Remainder of title by Amiteshvar Jha
260 ## - PUBLICATION, DISTRIBUTION, ETC. (IMPRINT)
Place of publication, distribution, etc महाराष्ट्रा
Name of publisher, distributor, etc इ इ र न स पब्लिकेशन
Date of publication, distribution, etc 2003
270 ## - ADDRESS
Address प . ओ. अंजनेरी
City नासिक
Postal code 422213
300 ## - PHYSICAL DESCRIPTION
Extent 160 पृ. :
Dimensions 22सेमी (सजिल्द)
Other physical details रंगीन चित्र
650 ## - SUBJECT ADDED ENTRY--TOPICAL TERM
Topical term or geographic name as entry element भारतीय ईतिहास
9 (RLIN) 47814
650 ## - SUBJECT ADDED ENTRY--TOPICAL TERM
Topical term or geographic name as entry element भारतीय--सिक्के
9 (RLIN) 47815
650 ## - SUBJECT ADDED ENTRY--TOPICAL TERM
Topical term or geographic name as entry element Indian History
9 (RLIN) 47816
650 ## - SUBJECT ADDED ENTRY--TOPICAL TERM
Topical term or geographic name as entry element History--Coins
9 (RLIN) 47817
942 ## - ADDED ENTRY ELEMENTS (KOHA)
Source of classification or shelving scheme Dewey Decimal Classification
Koha item type Hindi Books
Classification part 737.4954
Call number suffix झाअमि
Holdings
Withdrawn status Lost status Source of classification or shelving scheme Damaged status Not for loan Home library Current library Date acquired Source of acquisition Cost, normal purchase price Total Checkouts Full call number Barcode Date last seen Copy number Cost, replacement price Price effective from Koha item type
    Dewey Decimal Classification     Central Library Central Library 05/08/2015 Cen Lib/Ret 260.00   737.4954 झाअमि B-145193 05/08/2015 1 260.00 05/08/2015 Hindi Books

© Delhi Public Library
Hit Counter
free hit counter